kku e-library facility

Animal Biology (Record no. 178)

MARC details
000 -LEADER
fixed length control field 00348nam a2200121 4500
005 - DATE AND TIME OF LATEST TRANSACTION
control field 20260227091932.0
008 - FIXED-LENGTH DATA ELEMENTS--GENERAL INFORMATION
fixed length control field 260227b |||||||| |||| 00| 0 eng d
100 ## - MAIN ENTRY--PERSONAL NAME
Personal name Grove J. A & Newell E. G.
245 ## - TITLE STATEMENT
Title Animal Biology
Statement of responsibility, etc. /A. J. Grove
260 ## - PUBLICATION, DISTRIBUTION, ETC.
Place of publication, distribution, etc. Britain;
Name of publisher, distributor, etc. University Tutorial Press Ltd;
Date of publication, distribution, etc. 1957
300 ## - PHYSICAL DESCRIPTION
Extent xii,760p.ill;
Dimensions 21.3cm
942 ## - ADDED ENTRY ELEMENTS (KOHA)
Source of classification or shelving scheme Library of Congress Classification
Suppress in OPAC No
Koha item type Books

No items available.

©2025 All rights reserved. KKU